[Event "Africa-ch"]
[Site "Giza"]
[Date "2023.05.13"]
[Round "9"]
[White "Wageih, Kareim"]
[Black "Djabri, Massinas"]
[Result "0-1"]
[WhiteElo "2375"]
[BlackElo "2231"]
[PlyCount "56"]
[EventDate "2023.05.06"]
[EventType "swiss"]
[EventRounds "9"]
[EventCountry "EGY"]
[SourceTitle "CBM 214 Extra"]
[Source "ChessBase"]
[SourceDate "2023.07.31"]
[SourceVersion "1"]
[SourceVersionDate "2023.07.31"]
[SourceQuality "1"]

1. d4 Nf6 2. c4 g6 3. Nf3 Bg7 4. g3 c5 5. Bg2 0-0 6. 0-0 d6 7. dxc5 dxc5 8. Ne5 Nfd7 9. Nd3 Nc6 10. Na3 Nce5 11. Nxe5 Nxe5 12. Qb3 Nc6 13. Nc2 Na5 14. Qa3 Nxc4 15. Qxc5 Be6 16. Ne3 Nxb2 17. Rb1 Na4 18. Qa3 Nc3 19. Rxb7 Rb8 20. Rxa7 Rb1 21. Qa6 Bxa2 22. Ba3 Qd2 23. Bxe7 Nxe2+ 24. Kh1 Rxf1+ 25. Nxf1 Qe1 26. Bxf8 Bd5 27. Qxe2 Qxe2 28. Kg1 Bd4 0-1

[Event "Africa-ch"]
[Site "Giza"]
[Date "2023.05.12"]
[Round "8"]
[White "Sobh, Amrou"]
[Black "Wageih, Kareim"]
[Result "0-1"]
[WhiteElo "2225"]
[BlackElo "2375"]
[PlyCount "82"]
[EventDate "2023.05.06"]
[EventType "swiss"]
[EventRounds "9"]
[EventCountry "EGY"]
[SourceTitle "CBM 214 Extra"]
[Source "ChessBase"]
[SourceDate "2023.07.31"]
[SourceVersion "1"]
[SourceVersionDate "2023.07.31"]
[SourceQuality "1"]

1. d4 Nf6 2. c4 e6 3. Nf3 Bb4+ 4. Bd2 Qe7 5. Nc3 a5 6. e3 d6 7. a3 Bxc3 8. Bxc3 Ne4 9. Qc2 Nxc3 10. Qxc3 Nd7 11. Be2 e5 12. 0-0 a4 13. dxe5 dxe5 14. c5 c6 15. Rac1 0-0 16. e4 Re8 17. Rfd1 Nf6 18. Qe3 Ra5 19. Qc3 Qc7 20. Nd2 Be6 21. f3 Nd7 22. Qb4 Rea8 23. Rc2 Qb8 24. Bc4 Nxc5 25. Kh1 h6 26. Qc3 Qc7 27. Rcc1 Rd8 28. h3 Raa8 29. Qb4 Bxc4 30. Qxc5 Be2 31. Re1 Rxd2 32. Qe3 Rxb2 33. Rxe2 Rb3 34. Rc3 Qe7 35. Rd2 Qxa3 36. Rcd3 Qc1+ 37. Kh2 Rxd3 38. Qxd3 a3 39. Rd1 Qxd1 40. Qxd1 a2 41. Qa1 b5 0-1

[Event "Africa-ch"]
[Site "Giza"]
[Date "2023.05.09"]
[Round "5"]
[White "Wageih, Kareim"]
[Black "Ahmed, Abuzied"]
[Result "1/2-1/2"]
[WhiteElo "2375"]
[BlackElo "2236"]
[PlyCount "59"]
[EventDate "2023.05.06"]
[EventType "swiss"]
[EventRounds "9"]
[EventCountry "EGY"]
[SourceTitle "CBM 214 Extra"]
[Source "ChessBase"]
[SourceDate "2023.07.31"]
[SourceVersion "1"]
[SourceVersionDate "2023.07.31"]
[SourceQuality "1"]

1. d4 g6 2. Nf3 Bg7 3. Bf4 d6 4. e3 Nd7 5. h3 e5 6. Bh2 Ne7 7. Be2 0-0 8. c3 b6 9. a4 a6 10. Na3 e4 11. Nd2 Bb7 12. Qc2 Nf6 13. b4 Nf5 14. 0-0 Re8 15. c4 c5 16. bxc5 bxc5 17. Rab1 Bc8 18. d5 g5 19. Rb3 Bd7 20. Rb7 Bc8 21. Rb3 Bd7 22. Rb7 Bc8 23. Rbb1 h5 24. Rfe1 h4 25. Rb3 Bd7 26. Rb7 Bc8 27. Rb3 Bd7 28. Rb7 Bc8 29. Rb3 Bd7 30. Rb7 1/2-1/2

[Event "Africa-ch"]
[Site "Giza"]
[Date "2023.05.08"]
[Round "4"]
[White "Hesham, Abdelrahman"]
[Black "Wageih, Kareim"]
[Result "1/2-1/2"]
[WhiteElo "2409"]
[BlackElo "2375"]
[PlyCount "91"]
[EventDate "2023.05.06"]
[EventType "swiss"]
[EventRounds "9"]
[EventCountry "EGY"]
[SourceTitle "CBM 214 Extra"]
[Source "ChessBase"]
[SourceDate "2023.07.31"]
[SourceVersion "1"]
[SourceVersionDate "2023.07.31"]
[SourceQuality "1"]

1. d4 Nf6 2. c4 c6 3. Nc3 d5 4. e3 Bg4 5. f3 Bf5 6. cxd5 cxd5 7. Qb3 Bc8 8. Bb5+ Nc6 9. Nge2 e6 10. 0-0 Be7 11. e4 a6 12. Bxc6+ bxc6 13. Bg5 a5 14. e5 Nd7 15. Bxe7 Qxe7 16. f4 g6 17. Rfc1 0-0 18. Na4 Ba6 19. Ng3 Rab8 20. Qe3 Rfc8 21. b3 Rb4 22. Rc3 Rb7 23. Nh1 Bb5 24. Nc5 Nxc5 25. Rxc5 a4 26. Nf2 h5 27. g4 axb3 28. axb3 Ra7 29. Rac1 Rca8 30. gxh5 gxh5 31. Nh3 Qh4 32. R5c2 Ra2 33. Rxa2 Rxa2 34. Kh1 Be2 35. Rg1+ Bg4 36. Rg3 Kh8 37. Qg1 Qd8 38. Nf2 Bf5 39. Rg5 Bg6 40. Qg3 Qa5 41. f5 exf5 42. Qf4 Qe1+ 43. Rg1 Qd2 44. Nh3 Kg7 45. Qxd2 Rxd2 46. Nf4 1/2-1/2

[Event "Africa-ch"]
[Site "Lilongwe"]
[Date "2021.05.27"]
[Round "9"]
[White "Wageih, Kareim"]
[Black "Mhango, Banele"]
[Result "1/2-1/2"]
[WhiteElo "2425"]
[BlackElo "2117"]
[PlyCount "271"]
[EventDate "2021.05.18"]
[EventType "swiss"]
[EventRounds "9"]
[EventCountry "MWI"]
[SourceTitle "CBM 202 Extra"]
[Source "ChessBase"]
[SourceDate "2021.07.31"]
[SourceVersion "1"]
[SourceVersionDate "2021.07.31"]
[SourceQuality "1"]

1. d4 Nf6 2. Nf3 g6 3. Nbd2 d5 4. e3 Bg7 5. b4 0-0 6. c4 c6 7. Bb2 a5 8. b5 a4 9. Ba3 Re8 10. Be2 Nbd7 11. cxd5 cxd5 12. 0-0 e5 13. Nxe5 Nxe5 14. dxe5 Rxe5 15. Nf3 Re8 16. Nd4 Ne4 17. Rc1 Be5 18. Qd3 h5 19. f4 Bg7 20. Bf3 Qb6 21. Rc2 Bd7 22. Rfc1 Bxd4 23. Qxd4 Qxd4 24. exd4 Bxb5 25. Rc7 Bc6 26. f5 Nd2 27. Kf2 Ne4+ 28. Kg1 Nd2 29. Kf2 Nc4 30. Rxc4 dxc4 31. d5 Bb5 32. fxg6 fxg6 33. d6 Bc6 34. d7 Red8 35. Bxc6 bxc6 36. Be7 Kf7 37. Bxd8 Rxd8 38. Ke3 Ke6 39. Rxc6+ Kd5 40. Rc7 a3 41. h4 Ke5 42. Kd2 Ke6 43. Kc3 Ke7 44. Kxc4 Rf8 45. Kb3 Rf4 46. g3 Rg4 47. Rc3 Kxd7 48. Kxa3 g5 49. hxg5 Rxg5 50. Kb4 Rg4+ 51. Kb5 h4 52. gxh4 Rxh4 53. a4 Rh8 54. Kb6 Rb8+ 55. Ka7 Rc8 56. Rh3 Rc7+ 57. Kb6 Rc6+ 58. Kb5 Rg6 59. Rc3 Rg8 60. a5 Rc8 61. Rh3 Kc7 62. a6 Kb8 63. Kb6 Rg8 64. Rh6 Ka8 65. Rf6 Rb8+ 66. Kc7 Ka7 67. Rf7 Rb6 68. Rf1 Rxa6 69. Rb1 Ra2 70. Rc1 Ka6 71. Rc5 Rb2 72. Rc6+ Ka5 73. Rc3 Kb4 74. Rc6 Rb3 75. Kb6 Rh3 76. Rg6 Rh4 77. Kc6 Rc4+ 78. Kd5 Rc5+ 79. Kd4 Rc4+ 80. Kd3 Rc3+ 81. Kd2 Rc5 82. Rg8 Rd5+ 83. Kc2 Rc5+ 84. Kb2 Rb5 85. Rg4+ Ka5+ 86. Kc3 Rh5 87. Kc4 Rb5 88. Rg8 Rb4+ 89. Kc3 Rb6 90. Kc4 Rc6+ 91. Kd5 Ra6 92. Kc5 Ra7 93. Rc8 Ka4 94. Kc4 Ka5 95. Kc3 Kb6 96. Kb4 Rg7 97. Rc4 Rg5 98. Rh4 Rg6 99. Kc4 Rc6+ 100. Kd5 Rc5+ 101. Kd6 Rc6+ 102. Kd7 Rc7+ 103. Kd8 Rg7 104. Rh6+ Kc5 105. Kc8 Kd5 106. Kd8 Kc5 107. Ke8 Ra7 108. Rh5+ Kd6 109. Rh6+ Ke5 110. Kd8 Ra8+ 111. Kc7 Ra7+ 112. Kb6 Re7 113. Kc5 Rc7+ 114. Kb6 Re7 115. Rh5+ Kf6 116. Kc6 Kg6 117. Rh1 Re6+ 118. Kd5 Rf6 119. Ke5 Rf5+ 120. Ke6 Rf6+ 121. Ke7 Rf7+ 122. Ke8 Ra7 123. Rg1+ Kf6 124. Rf1+ Ke6 125. Re1+ Kf6 126. Kd8 Kg6 127. Rf1 Rb7 128. Kc8 Rh7 129. Kd8 Ra7 130. Rf2 Kg7 131. Kc8 Kg6 132. Kb8 Rh7 133. Rg2+ Kf6 134. Rf2+ Kg6 135. Kc8 Ra7 136. Kd8 1/2-1/2

[Event "Africa-ch"]
[Site "Lilongwe"]
[Date "2021.05.26"]
[Round "8"]
[White "Mphungu, Gerrard"]
[Black "Wageih, Kareim"]
[Result "0-1"]
[WhiteElo "2096"]
[BlackElo "2425"]
[PlyCount "80"]
[EventDate "2021.05.18"]
[EventType "swiss"]
[EventRounds "9"]
[EventCountry "MWI"]
[SourceTitle "EXT 2022"]
[Source "ChessBase"]
[SourceDate "2021.10.06"]
[SourceVersion "1"]
[SourceVersionDate "2021.10.06"]
[SourceQuality "1"]

1. d4 Nf6 2. c4 e6 3. Nf3 Bb4+ 4. Bd2 Qe7 5. Nc3 0-0 6. Qc2 d6 7. a3 Bxc3 8. Bxc3 Nbd7 9. e4 e5 10. d5 Nc5 11. Nd2 a5 12. b4 axb4 13. axb4 Rxa1+ 14. Bxa1 Na6 15. Bc3 Nh5 16. g3 f5 17. Bg2 f4 18. 0-0 Bg4 19. Qd3 Qg5 20. f3 fxg3 21. fxg4 Nf4 22. Qf3 Qh6 23. hxg3 Nh3+ 24. Bxh3 Rxf3 25. Rxf3 Qxh3 26. Kf2 Nb8 27. g5 Qg4 28. Ke3 Qxg5+ 29. Kd3 Nd7 30. Nf1 Nf6 31. Ne3 Qg6 32. Nf5 Qg4 33. Re3 Nxe4 34. Ne7+ Kf7 35. Rxe4 Qd1+ 36. Bd2 Kxe7 37. g4 Qf3+ 38. Be3 h6 39. c5 Qd1+ 40. Bd2 Qb3+ 0-1

[Event "Africa-ch"]
[Site "Lilongwe"]
[Date "2021.05.24"]
[Round "6"]
[White "Calicoca, Wilton Inacio"]
[Black "Wageih, Kareim"]
[Result "0-1"]
[WhiteElo "2122"]
[BlackElo "2425"]
[PlyCount "64"]
[EventDate "2021.05.18"]
[EventType "swiss"]
[EventRounds "9"]
[EventCountry "MWI"]
[SourceTitle "EXT 2022"]
[Source "ChessBase"]
[SourceDate "2021.10.06"]
[SourceVersion "1"]
[SourceVersionDate "2021.10.06"]
[SourceQuality "1"]

1. e4 c5 2. Ne2 e5 3. Nbc3 Nf6 4. g3 d5 5. exd5 Nxd5 6. Bg2 Be6 7. d3 Nc6 8. 0-0 Be7 9. f4 exf4 10. Nxf4 Nxf4 11. Bxf4 0-0 12. Kh1 Qd7 13. Qd2 Nd4 14. Rae1 Rae8 15. a4 b6 16. b3 a6 17. Rf2 b5 18. axb5 axb5 19. Ne2 Nc6 20. Ng1 Bf6 21. Nf3 Bd5 22. Be3 b4 23. Ref1 Qe7 24. Bf4 Bc3 25. Qc1 Ra8 26. Qe3 Qb7 27. Bd6 Rfe8 28. Qg5 Nd4 29. Qg4 Nxf3 30. Bxf3 Bd4 31. Rd2 Ra1 32. Rdf2 Bxf2 0-1

[Event "Africa-ch"]
[Site "Lilongwe"]
[Date "2021.05.18"]
[Round "1"]
[White "Wageih, Kareim"]
[Black "Okonkwo, Ifeanyi"]
[Result "1-0"]
[WhiteElo "2425"]
[BlackElo "2029"]
[PlyCount "64"]
[EventDate "2021.05.18"]
[EventType "swiss"]
[EventRounds "9"]
[EventCountry "MWI"]
[SourceTitle "CBM 202 Extra"]
[Source "ChessBase"]
[SourceDate "2021.07.31"]
[SourceVersion "1"]
[SourceVersionDate "2021.07.31"]
[SourceQuality "1"]

1. d4 d5 2. Nf3 Nf6 3. e3 e6 4. Bd3 c5 5. c3 Nc6 6. Nbd2 Bd6 7. 0-0 0-0 8. dxc5 Bxc5 9. b4 Bd6 10. e4 Ne5 11. Nxe5 Bxe5 12. Bb2 Qc7 13. g3 Rd8 14. Qe2 Bd7 15. Rfe1 dxe4 16. Nxe4 Bc6 17. Ng5 h6 18. Nf3 Bd6 19. Nd4 Be8 20. a3 a6 21. c4 Rac8 22. Rac1 a5 23. c5 Bf8 24. Nf3 Bc6 25. Be5 Qe7 26. Nd4 axb4 27. axb4 Nd5 28. Qe4 g6 29. b5 Be8 30. Nb3 Bg7 31. Bxg7 Kxg7 32. Bc4 Nc3 1-0

[Event "Arab Cities"]
[Site "Hammamet"]
[Date "2020.03.03"]
[Round "1.3"]
[White "Wageih, Kareim"]
[Black "Ameir, Moheb"]
[Result "0-1"]
[WhiteElo "2422"]
[BlackElo "2319"]
[PlyCount "30"]
[EventDate "2020.03.03"]
[EventType "team"]
[EventRounds "5"]
[EventCountry "TUN"]
[SourceTitle "CBM 195 Extra"]
[Source "ChessBase"]
[SourceDate "2020.05.31"]
[SourceVersion "1"]
[SourceVersionDate "2020.05.31"]
[SourceQuality "1"]
[WhiteTeam "Giza"]
[BlackTeam "Cairo"]
[WhiteTeamCountry "EGY"]
[BlackTeamCountry "EGY"]

1. d4 d5 2. c4 e6 3. Nf3 Nf6 4. e3 Be7 5. Nbd2 0-0 6. Bd3 Nbd7 7. 0-0 b6 8. e4 dxe4 9. Nxe4 Bb7 10. Qe2 c5 11. Rd1 cxd4 12. Nxd4 Nxe4 13. Bxe4 Bxe4 14. Qxe4 Qc8 15. Nc6 Bc5 0-1

[Event "African Club-chT"]
[Site "Gizeh"]
[Date "2017.07.25"]
[Round "1"]
[White "Wageih, Kareim"]
[Black "Jackson, Ndegwa"]
[Result "0-1"]
[WhiteElo "2391"]
[BlackElo "1899"]
[PlyCount "80"]
[EventDate "2017.07.24"]
[EventType "team-tourn"]
[EventRounds "7"]
[EventCountry "EGY"]
[SourceTitle "EXT 2020"]
[Source "ChessBase"]
[SourceDate "2019.10.17"]
[SourceVersion "1"]
[SourceVersionDate "2019.10.17"]
[SourceQuality "1"]
[WhiteTeam "Eastern Company"]
[BlackTeam "KCB Bank"]
[WhiteTeamCountry "EGY"]
[BlackTeamCountry "KEN"]

1. d4 c5 2. c3 cxd4 3. cxd4 d5 4. Nc3 e6 5. Nf3 Bd6 6. Bg5 Ne7 7. e3 Nbc6 8. Bd3 h6 9. Bh4 b6 10. Bb5 Bb7 11. Qa4 f6 12. 0-0 g5 13. Bg3 h5 14. e4 a6 15. Be2 b5 16. Qd1 h4 17. Bxd6 Qxd6 18. e5 fxe5 19. Nxg5 Nf5 20. Bh5+ Ke7 21. Nf7 Qb4 22. Nxh8 Rxh8 23. dxe5 d4 24. Ne4 Nxe5 25. a3 Qxb2 26. Re1 Rg8 27. Re2 Bxe4 28. Rxb2 Rxg2+ 29. Kf1 Rxh2 30. Qb3 Rh1+ 31. Ke2 Rxa1 32. Qb4+ Kf6 33. Rb3 d3+ 34. Kd2 Nc4+ 35. Kc3 Ne7 36. Qc5 e5 37. Rb4 Rxa3+ 38. Rb3 Nd5+ 39. Qxd5 Rxb3+ 40. Kxb3 Bxd5 0-1

[Event "Golden Cleopatra op"]
[Site "Cairo"]
[Date "2016.12.17"]
[Round "5"]
[White "Wageih, Kareim"]
[Black "Darwish, Mahmoud Hamdy"]
[Result "1-0"]
[WhiteElo "2373"]
[BlackElo "2164"]
[PlyCount "99"]
[EventDate "2016.12.13"]
[EventType "swiss"]
[EventRounds "10"]
[EventCountry "EGY"]
[SourceTitle "CBM 176 Extra"]
[Source "ChessBase"]
[SourceDate "2017.03.02"]
[SourceVersion "1"]
[SourceVersionDate "2017.03.02"]
[SourceQuality "1"]

1. d4 Nf6 2. Nf3 e6 3. e3 b6 4. Bd3 Bb7 5. 0-0 Be7 6. Qe2 d5 7. b3 0-0 8. Bb2 Nbd7 9. c4 Ne4 10. Nc3 f5 11. Qc2 Rc8 12. Ne2 Bd6 13. Ne5 c5 14. Nf4 Qe7 15. Qe2 Rce8 16. cxd5 exd5 17. f3 Nef6 18. Bxf5 Bxe5 19. Be6+ Kh8 20. dxe5 Nh5 21. Nxh5 Qxe6 22. Qf2 Nxe5 23. Qg3 Rf7 24. f4 Ng6 25. Bxg7+ Rxg7 26. Nxg7 Kxg7 27. Rae1 Kh8 28. f5 Qg8 29. f6 Ne5 30. Qh4 Rf8 31. Qh5 Qe6 32. Qh6 Rf7 33. Qg5 Nd7 34. Rf3 Rxf6 35. Ref1 Rg6 36. Qd8+ Rg8 37. Qc7 Qc6 38. Qf4 Ba6 39. R1f2 Qg6 40. h4 Bd3 41. h5 Qxh5 42. Rg3 Bg6 43. Qd6 Ne5 44. Qf6+ Rg7 45. Qd8+ Rg8 46. Rf8 Qd1+ 47. Kh2 Qh5+ 48. Rh3 Qxh3+ 49. gxh3 Nf3+ 50. Kh1 1-0

[Event "Cairo Egyptian op"]
[Site "Cairo"]
[Date "2016.04.26"]
[Round "6"]
[White "Petrov, Marian"]
[Black "Wageih, Kareim"]
[Result "1/2-1/2"]
[WhiteElo "2447"]
[BlackElo "2336"]
[PlyCount "116"]
[EventDate "2016.04.22"]
[EventType "swiss"]
[EventRounds "9"]
[EventCountry "EGY"]
[SourceTitle "CBM 172 Extra"]
[Source "ChessBase"]
[SourceDate "2016.06.21"]
[SourceVersion "1"]
[SourceVersionDate "2016.06.21"]
[SourceQuality "1"]

1. e4 c6 2. d4 d5 3. e5 Bf5 4. c4 e6 5. Nc3 Nd7 6. Nf3 Bg4 7. Qb3 Rb8 8. Bg5 Qb6 9. cxd5 cxd5 10. Bb5 Ne7 11. Na4 Qa5+ 12. Bd2 Qd8 13. Rc1 Nf5 14. Qc3 Bxf3 15. gxf3 a6 16. Bd3 g6 17. Bxf5 gxf5 18. Rg1 b5 19. Bg5 f6 20. exf6 bxa4 21. f7+ Kxf7 22. Bxd8 Bb4 23. Ba5 Bxc3+ 24. Bxc3 Rhg8 25. Rxg8 Rxg8 26. Ke2 Nb6 27. Bb4 Nc4 28. b3 axb3 29. axb3 Rb8 30. bxc4 Rxb4 31. cxd5 exd5 32. Ke3 f4+ 33. Kxf4 Rxd4+ 34. Ke5 Rc4 35. Rb1 Rh4 36. Rb7+ Kg6 37. Rb6+ Kf7 38. f4 Rxh2 39. Rb7+ Ke8 40. Ke6 Rh6+ 41. Kxd5 Rh2 42. Ke6 Rh6+ 43. Ke5 Rh2 44. Rb2 Rh6 45. Rb8+ Kf7 46. Rb7+ Kg8 47. f5 Rc6 48. f6 Rc2 49. f4 Rc5+ 50. Ke6 Rc8 51. Rg7+ Kf8 52. Rxh7 Rc6+ 53. Kf5 Rc2 54. Ra7 Ra2 55. f7 Rb2 56. Kg5 Rb6 57. f5 Rc6 58. f6 Rc2 1/2-1/2

[Event "Cairo Egyptian op"]
[Site "Cairo"]
[Date "2016.04.25"]
[Round "5"]
[White "Wageih, Kareim"]
[Black "Abdel Razik, Khaled"]
[Result "1/2-1/2"]
[WhiteElo "2336"]
[BlackElo "2392"]
[PlyCount "66"]
[EventDate "2016.04.22"]
[EventType "swiss"]
[EventRounds "9"]
[EventCountry "EGY"]
[SourceTitle "CBM 172 Extra"]
[Source "ChessBase"]
[SourceDate "2016.06.21"]
[SourceVersion "1"]
[SourceVersionDate "2016.06.21"]
[SourceQuality "1"]

1. d4 Nf6 2. Nf3 c5 3. d5 e6 4. c4 b5 5. dxe6 fxe6 6. cxb5 d5 7. g3 Qa5+ 8. Nc3 Ne4 9. Qc2 a6 10. Bh3 axb5 11. 0-0 Nxc3 12. bxc3 Qa4 13. Qd3 Be7 14. Bg5 Ra7 15. Qe3 Qe4 16. Qxe4 dxe4 17. Bxe7 Kxe7 18. Ng5 Ra4 19. f3 exf3 20. Rxf3 h6 21. Rf7+ Ke8 22. Rc7 Kd8 23. Rxc8+ Kxc8 24. Nxe6 Rc4 25. Nd4+ Kc7 26. Nxb5+ Kb6 27. Rb1 Ra4 28. Be6 Nc6 29. Bd5 Rb8 30. Nd6+ Kc7 31. Nb5+ Kb6 32. Nd6+ Kc7 33. Nb5+ Kb6 1/2-1/2

[Event "Cairo Egyptian op"]
[Site "Cairo"]
[Date "2016.04.23"]
[Round "2"]
[White "Abdel Sattar, Magdy"]
[Black "Wageih, Kareim"]
[Result "0-1"]
[WhiteElo "2017"]
[BlackElo "2336"]
[PlyCount "96"]
[EventDate "2016.04.22"]
[EventType "swiss"]
[EventRounds "9"]
[EventCountry "EGY"]
[SourceTitle "CBM 172 Extra"]
[Source "ChessBase"]
[SourceDate "2016.06.21"]
[SourceVersion "1"]
[SourceVersionDate "2016.06.21"]
[SourceQuality "1"]

1. e4 c6 2. d4 d5 3. Nc3 g6 4. h3 Bg7 5. Nf3 dxe4 6. Nxe4 Nd7 7. Bc4 Ngf6 8. Qe2 0-0 9. 0-0 Nb6 10. Bb3 Nbd5 11. Re1 Qc7 12. Ng3 Re8 13. Ne5 Be6 14. Bd2 Nd7 15. c4 N5b6 16. Bf4 Nxe5 17. Bxe5 Bxe5 18. dxe5 a5 19. a3 Red8 20. Rac1 Rd4 21. Qe3 c5 22. Rc3 a4 23. Ba2 Nxc4 24. Qh6 Kh8 25. f4 Nxb2 26. Bxe6 fxe6 27. Ne4 Qd8 28. Ng5 Qg8 29. Rxc5 Re8 30. Rb1 Rd1+ 31. Rxd1 Nxd1 32. Rc7 b5 33. Rb7 Nc3 34. g3 Ne2+ 35. Kf2 Nd4 36. g4 Qg7 37. Qxg7+ Kxg7 38. Rd7 Nc2 39. Nxe6+ Kf7 40. Ng5+ Kg8 41. Ne4 Nxa3 42. f5 Nc4 43. f6 Nxe5 44. Rd5 a3 45. Rxb5 Ra8 46. Nc3 a2 47. Nxa2 Rxa2+ 48. Kg3 exf6 0-1

[Event "Cairo Masters op"]
[Site "Cairo"]
[Date "2014.02.26"]
[Round "8"]
[White "Mona, Khaled"]
[Black "Wageih, Kareim"]
[Result "0-1"]
[WhiteElo "2154"]
[BlackElo "2316"]
[PlyCount "84"]
[EventDate "2014.02.20"]
[EventType "swiss"]
[EventRounds "9"]
[EventCountry "EGY"]
[SourceTitle "EXT 2015"]
[Source "ChessBase"]
[SourceDate "2014.11.20"]
[SourceVersion "1"]
[SourceVersionDate "2014.11.20"]
[SourceQuality "1"]

1. d4 d5 2. Nf3 Nf6 3. e3 c5 4. c3 cxd4 5. exd4 Nc6 6. Ne5 g6 7. Bb5 Bd7 8. Qb3 a6 9. Bd3 Na5 10. Qd1 Bg7 11. Nd2 0-0 12. h4 Nc6 13. f4 Bf5 14. Be2 h5 15. Nf1 Ne4 16. g4 hxg4 17. Bxg4 Qc8 18. Ne3 Bxg4 19. N5xg4 e6 20. Qf3 f5 21. Nf2 Qe8 22. Bd2 Rc8 23. Nxe4 dxe4 24. Qg3 e5 25. dxe5 Nxe5 26. fxe5 f4 27. Qg4 fxe3 28. Bxe3 Qxe5 29. Bd4 Qf5 30. Qxf5 gxf5 31. Rg1 Rc7 32. 0-0-0 Kh7 33. Bxg7 Rxg7 34. Rgf1 f4 35. Rd4 Re7 36. Kd1 f3 37. Rd5 e3 38. Rg1 e2+ 39. Kd2 Rf6 40. Rh5+ Rh6 41. Rf5 Rd6+ 42. Kc2 e1Q 0-1

[Event "Cairo Masters op"]
[Site "Cairo"]
[Date "2014.02.25"]
[Round "7"]
[White "Wageih, Kareim"]
[Black "Abdel Aziz, Ahmed"]
[Result "1-0"]
[WhiteElo "2316"]
[BlackElo "2127"]
[PlyCount "55"]
[EventDate "2014.02.20"]
[EventType "swiss"]
[EventRounds "9"]
[EventCountry "EGY"]
[SourceTitle "EXT 2015"]
[Source "ChessBase"]
[SourceDate "2014.11.20"]
[SourceVersion "1"]
[SourceVersionDate "2014.11.20"]
[SourceQuality "1"]

1. d4 d5 2. Nf3 Nf6 3. c4 c6 4. Qc2 g6 5. Bf4 Bg7 6. e3 0-0 7. h3 c5 8. Nc3 cxd4 9. exd4 Nc6 10. Rd1 Re8 11. Be2 dxc4 12. Bxc4 Bf5 13. Qe2 a6 14. a3 Qa5 15. 0-0 Rac8 16. Ne5 Nd8 17. Ba2 Ne6 18. Bh2 g5 19. g4 Bg6 20. Nxg6 hxg6 21. Bxe6 fxe6 22. Qxe6+ Kh7 23. Rfe1 Rc6 24. Qf7 Qb6 25. Be5 Rf8 26. Qxe7 Qxb2 27. Ne4 Kh6 28. d5 1-0

[Event "Cairo Masters op"]
[Site "Cairo"]
[Date "2014.02.21"]
[Round "2"]
[White "Fawzy, Adham"]
[Black "Wageih, Kareim"]
[Result "1-0"]
[WhiteElo "2010"]
[BlackElo "2316"]
[PlyCount "64"]
[EventDate "2014.02.20"]
[EventType "swiss"]
[EventRounds "9"]
[EventCountry "EGY"]
[SourceTitle "EXT 2015"]
[Source "ChessBase"]
[SourceDate "2014.11.20"]
[SourceVersion "1"]
[SourceVersionDate "2014.11.20"]
[SourceQuality "1"]

1. e4 c6 2. d4 d5 3. Nc3 dxe4 4. Nxe4 Nd7 5. Ng5 Ndf6 6. Bd3 g6 7. Ne2 Bg7 8. h3 Nh6 9. c4 Nf5 10. Nf3 0-0 11. Bd2 c5 12. Bc3 cxd4 13. Nexd4 Nxd4 14. Bxd4 b6 15. Bc3 Bb7 16. 0-0 Nh5 17. Bxg7 Kxg7 18. Re1 Qc7 19. Be4 Rad8 20. Qc1 Ba6 21. b3 Nf6 22. Qa3 Bc8 23. Bc2 Rd6 24. Re3 Bb7 25. Ne5 Rfd8 26. Rae1 Kg8 27. b4 Nd7 28. Nxf7 Nf6 29. Nxd8 Rxd8 30. Rxe7 Qc6 31. Qg3 Nh5 32. Qg4 Nf4 1-0

[Event "EGY-ch"]
[Site "Cairo"]
[Date "2013.03.27"]
[Round "2"]
[White "Ibrahim, Hatim"]
[Black "Wageih, Kareim"]
[Result "1/2-1/2"]
[WhiteElo "2391"]
[BlackElo "2304"]
[PlyCount "111"]
[EventDate "2013.03.26"]
[EventType "swiss"]
[EventRounds "9"]
[EventCountry "EGY"]
[SourceTitle "CBM 153 Extra"]
[Source "ChessBase"]
[SourceDate "2013.04.22"]
[SourceVersion "1"]
[SourceVersionDate "2013.04.22"]
[SourceQuality "1"]

1. c4 e5 2. g3 Nf6 3. Bg2 Nc6 4. Nc3 Bb4 5. Nd5 0-0 6. Nxb4 Nxb4 7. a3 Nc6 8. d3 h6 9. b4 d6 10. Bb2 a5 11. b5 Ne7 12. e3 Rb8 13. Ne2 Be6 14. h3 Qd7 15. Qa4 b6 16. 0-0-0 Rfc8 17. Bc6 Nxc6 18. bxc6 Qe7 19. e4 b5 20. cxb5 d5 21. Bxe5 dxe4 22. Bb2 Qc5+ 23. Nc3 exd3 24. Rxd3 Bc4 25. Rd2 Bxb5 26. Qxa5 Ne4 27. Rc2 Nxf2 28. Nxb5 Qg5+ 29. Qd2 Nxh1 30. Qxg5 hxg5 31. a4 Nxg3 32. Be5 Nf5 33. Bxc7 Ra8 34. a5 Ra6 35. Bb6 Ne7 36. c7 Rca8 37. Rd2 Nc6 38. Rd6 Nxa5 39. Rd8+ Kh7 40. Bxa5 Rxa5 41. Rxa8 Rxa8 42. Nd6 Kg6 43. c8Q Rxc8+ 44. Nxc8 Kh5 45. Nd6 f6 46. Nf5 g6 47. Ne7 Kh4 48. Nxg6+ Kxh3 49. Kd2 f5 50. Ke2 Kg3 51. Ne5 f4 52. Nf3 g4 53. Ne5 f3+ 54. Kf1 Kf4 55. Nxg4 Kxg4 56. Kf2 1/2-1/2

[Event "Alexandria op 18th"]
[Site "Alexandria"]
[Date "2012.09.01"]
[Round "6"]
[White "Wageih, Kareim"]
[Black "Shoker, Samy"]
[Result "0-1"]
[WhiteElo "2332"]
[BlackElo "2504"]
[PlyCount "82"]
[EventDate "2012.08.27"]
[EventType "swiss"]
[EventRounds "9"]
[EventCountry "EGY"]
[SourceTitle "CBM 150 Extra"]
[Source "ChessBase"]
[SourceDate "2012.10.19"]
[SourceVersion "1"]
[SourceVersionDate "2012.10.19"]
[SourceQuality "1"]

1. d4 Nf6 2. c4 c5 3. d5 b5 4. cxb5 a6 5. bxa6 g6 6. Nc3 Bxa6 7. g3 d6 8. Bg2 Bg7 9. Nf3 Nfd7 10. Rb1 Nb6 11. 0-0 N8d7 12. Qc2 Bc4 13. Nd2 Bxa2 14. Nxa2 Rxa2 15. Ne4 0-0 16. Bd2 Qa8 17. Bc3 Ne5 18. f4 Nec4 19. Bxg7 Kxg7 20. Qc3+ Kg8 21. f5 f6 22. Qc1 Kg7 23. Kh1 Ne5 24. h4 Qa6 25. Nc3 Ra5 26. Qf4 Na4 27. Ne4 Qxe2 28. fxg6 hxg6 29. Rbe1 Qh5 30. Ng5 Rb8 31. Ne6+ Kg8 32. Re4 Nxb2 33. Qd2 Nbc4 34. Qc2 Rb2 35. Qc1 Raa2 36. Nf4 Qg4 37. Ne2 Rxe2 38. Rxg4 Rxg2 39. Rff4 Rh2+ 40. Kg1 Rag2+ 41. Kf1 Nd2+ 0-1

[Event "Wch U20 51st"]
[Site "Athens"]
[Date "2012.08.13"]
[Round "11"]
[White "Sodikov, Ilyas"]
[Black "Wageih, Kareim"]
[Result "1-0"]
[WhiteElo "2234"]
[BlackElo "2332"]
[PlyCount "67"]
[EventDate "2012.08.02"]
[EventType "swiss"]
[EventRounds "13"]
[EventCountry "GRE"]
[SourceTitle "CBM 149 Extra"]
[Source "ChessBase"]
[SourceDate "2012.08.24"]
[SourceVersion "1"]
[SourceVersionDate "2012.08.24"]
[SourceQuality "1"]

1. e4 c6 2. d4 d5 3. Nd2 dxe4 4. Nxe4 Nd7 5. Ng5 Ngf6 6. Bd3 e6 7. N1f3 Bd6 8. Qe2 h6 9. Ne4 Nxe4 10. Qxe4 Qc7 11. Qg4 Kf8 12. 0-0 c5 13. b3 e5 14. d5 Nf6 15. Qh4 Nxd5 16. Bb2 Bd7 17. Rae1 Re8 18. Bc4 Nb6 19. Bd3 Nd5 20. Bc4 Nb6 21. Bd3 Kg8 22. Qh5 f6 23. c4 Nc8 24. Nh4 Ne7 25. f4 Qc8 26. fxe5 Bxe5 27. Bxe5 Bg4 28. Qxe8+ Qxe8 29. Bd6 Qd8 30. Rxe7 f5 31. Bxf5 Bxf5 32. Nxf5 Rh7 33. Rxb7 Qg5 34. Ne7+ 1-0